00419 2200169 4500001002100000008004100021035002000062245003300082100001700115250000600132260005100138300001200189084001400201082000800215650001400223990001200237INLIS000000000001135 ind  a0010-0524000370 aGoogle HackingcA. Kristanto aA. Kristanto a1 aYogyakarta :bUniversitas Atmajaya Yogyac2008 a130 hlm a600 KRI g a600 aNon Fiksi a0744113